[Event "CZE-chT2B 2223"]
[Site "Czech Republic"]
[Date "2023.01.08"]
[Round "6.1"]
[White "Riha, Jaroslav1111"]
[Black "Lorenc, Tomas"]
[Result "1/2-1/2"]
[WhiteElo "2103"]
[BlackElo "2165"]
[PlyCount "103"]
[EventDate "2022.10.16"]
[EventType "team-tourn"]
[EventRounds "11"]
[EventCountry "CZE"]
[SourceTitle "EXT 2024"]
[Source "ChessBase"]
[SourceDate "2023.10.10"]
[SourceVersion "1"]
[SourceVersionDate "2023.10.10"]
[SourceQuality "1"]
[WhiteTeam "Litomerice III"]
[BlackTeam "Karlovy Vary"]
[WhiteTeamCountry "CZE"]
[BlackTeamCountry "CZE"]

1. c4 Nf6 2. g3 d5 3. cxd5 Nxd5 4. Bg2 g6 5. Nc3 Nb6 6. Nf3 Bg7 7. 0-0 0-0 8. d3 Nc6 9. a3 a5 10. Qc2 Bg4 11. Be3 Qd7 12. Rac1 Rac8 13. Ne4 Bxf3 14. Bxf3 Nd4 15. Bxd4 Qxd4 16. b3 Nd7 17. Nd2 b6 18. e3 Qb2 19. Nc4 Qxc2 20. Rxc2 Nc5 21. d4 Nxb3 22. Rb1 a4 23. Bc6 Bxd4 24. exd4 Nxd4 25. Be4 Nxc2 26. Bxc2 Ra8 27. Be4 Rad8 28. Ne5 Rd4 29. Bc2 Kg7 30. Re1 b5 31. Re3 c5 32. Nc6 Rc4 33. Bd3 Rc1+ 34. Kg2 c4 35. Be2 e6 36. Re5 Re1 37. Kf3 c3 38. Rc5 Rc1 39. Bxb5 Ra8 40. Nd4 Rd8 41. Ne2 Rb1 42. Bxa4 Rd3+ 43. Ke4 Rd2 44. Ke3 Re1 45. Bb5 Rb2 46. Bd3 Rb3 47. a4 Ra3 48. a5 c2 49. Rxc2 Rxa5 50. h4 Ra3 51. Kd2 Rf1 52. Ke3 1/2-1/2

[Event "CZE-ch Betsys Online Blitz"]
[Site "Chess.com INT"]
[Date "2021.04.17"]
[Round "11"]
[White "Frank, Adam"]
[Black "Lorenc, Tomas"]
[Result "1-0"]
[WhiteElo "2238"]
[BlackElo "2186"]
[PlyCount "155"]
[EventDate "2021.04.17"]
[EventType "swiss (blitz)"]
[EventRounds "13"]
[EventCountry "CZE"]
[SourceTitle "CBM 201 Extra"]
[Source "ChessBase"]
[SourceDate "2021.05.31"]
[SourceVersion "1"]
[SourceVersionDate "2021.05.31"]
[SourceQuality "1"]

1. e4 d5 2. exd5 Qxd5 3. Nc3 Qa5 4. d4 Nf6 5. Bc4 Bg4 6. Nge2 Nc6 7. f3 Bh5 8. Bd2 0-0-0 9. d5 Ne5 10. Bb3 e6 11. 0-0 exd5 12. Kh1 d4 13. Ne4 Qb6 14. Nxf6 gxf6 15. Ng3 Bg6 16. f4 d3 17. fxe5 dxc2 18. Bxc2 Bh6 19. Qg4+ f5 20. Bxf5+ Kb8 21. Bxh6 Bxf5 22. Nxf5 Rhg8 23. Bg7 Qxb2 24. Rad1 Rxd1 25. Rxd1 a6 26. a4 Qc2 27. h3 Re8 28. Bf6 Ka7 29. Qd4+ b6 30. Ne3 Qc6 31. Nd5 Rg8 32. a5 Kb7 33. axb6 cxb6 34. Rb1 b5 35. Rd1 a5 36. Ne3 b4 37. Qd7+ Qxd7 38. Rxd7+ Kc6 39. Rd6+ Kc5 40. Rd5+ Kb6 41. Bd8+ Kc6 42. Bxa5 b3 43. Rd3 Rb8 44. Nd1 b2 45. Nxb2 Rxb2 46. Kh2 Ra2 47. Bc3 Re2 48. Rf3 Rc2 49. Bd4 Kd5 50. Ba1 Ke6 51. Ra3 Rc6 52. Ra8 h5 53. Kg3 Rb6 54. Kh4 Rb3 55. Kxh5 Rg3 56. Ra2 Kf5 57. Kh4 Rg8 58. g4+ Ke6 59. Rf2 Rh8+ 60. Kg3 Ra8 61. Rf6+ Ke7 62. Bd4 Ra4 63. Bc5+ Ke8 64. Kh4 Rc4 65. Bd6 Re4 66. Kg5 Re3 67. h4 Rg3 68. h5 Rh3 69. h6 Rh2 70. Rf3 Rh1 71. Ra3 Kd7 72. Ra7+ Ke6 73. Re7+ Kd5 74. Rxf7 Rh2 75. h7 Ke6 76. Rf6+ Kd7 77. Kg6 Ke8 78. Kg7 1-0

[Event "CZE-ch Betsys Online Blitz"]
[Site "Chess.com INT"]
[Date "2021.04.17"]
[Round "9"]
[White "Lorenc, Tomas"]
[Black "Bures, Vit"]
[Result "1-0"]
[WhiteElo "2186"]
[BlackElo "2119"]
[PlyCount "67"]
[EventDate "2021.04.17"]
[EventType "swiss (blitz)"]
[EventRounds "13"]
[EventCountry "CZE"]
[SourceTitle "CBM 201 Extra"]
[Source "ChessBase"]
[SourceDate "2021.05.31"]
[SourceVersion "1"]
[SourceVersionDate "2021.05.31"]
[SourceQuality "1"]

1. c4 Nf6 2. g3 c6 3. Bg2 d5 4. Nf3 dxc4 5. 0-0 Nbd7 6. a4 a5 7. Na3 Nb6 8. Qc2 Be6 9. Rd1 g6 10. d3 cxd3 11. Rxd3 Qc8 12. Ng5 Bg7 13. Nxe6 Qxe6 14. Qc5 Nbd5 15. e4 Nxe4 16. Qc4 Nef6 17. Bd2 0-0 18. Re1 Qd6 19. Bf4 Qb4 20. Bd2 Qxc4 21. Nxc4 e6 22. Nd6 b6 23. Rc1 c5 24. Nc4 Rab8 25. Ne5 Rfc8 26. Bg5 Nb4 27. Rdd1 Nfd5 28. Nc4 h6 29. Bd2 Nd3 30. Rc2 N5b4 31. Bxb4 Nxb4 32. Rcd2 f6 33. Nd6 Rd8 34. Ne4 1-0

[Event "CZE-ch Betsys Online Blitz"]
[Site "Chess.com INT"]
[Date "2021.04.17"]
[Round "13"]
[White "Lorenc, Tomas"]
[Black "Novosadova, Kristyna"]
[Result "0-1"]
[WhiteElo "2186"]
[BlackElo "2138"]
[PlyCount "108"]
[EventDate "2021.04.17"]
[EventType "swiss (blitz)"]
[EventRounds "13"]
[EventCountry "CZE"]
[SourceTitle "CBM 201 Extra"]
[Source "ChessBase"]
[SourceDate "2021.05.31"]
[SourceVersion "1"]
[SourceVersionDate "2021.05.31"]
[SourceQuality "1"]

1. c4 e5 2. g3 Nc6 3. Bg2 Nf6 4. Nc3 g6 5. Nf3 Bg7 6. 0-0 d6 7. d3 0-0 8. Rb1 Nh5 9. b4 f5 10. b5 Ne7 11. Nd5 Nxd5 12. cxd5 f4 13. Qc2 Bf5 14. Bd2 Qd7 15. Rfc1 Rac8 16. a4 Bh3 17. Bh1 h6 18. d4 e4 19. Nh4 fxg3 20. hxg3 Nxg3 21. fxg3 Qg4 22. Be1 Bxd4+ 23. Kh2 Bf2 24. Rb3 Bxe1 25. Rxe1 Rf2+ 26. Bg2 Rcf8 27. Kg1 Bxg2 28. Nxg2 Qh3 29. Qxe4 Qh5 30. Qe6+ Kh8 31. Rf3 R2xf3 32. exf3 Qxf3 33. Qe4 Qxg3 34. Qd4+ Kg8 35. Qe3 Qg4 36. Qe6+ Qxe6 37. Rxe6 Rf5 38. Rxg6+ Kf7 39. Rxh6 Rxd5 40. Rh7+ Ke6 41. Rxc7 Rd4 42. Rxb7 Rxa4 43. Rxa7 Rxa7 44. Kf2 Ra1 45. Ke3 Rb1 46. Nf4+ Ke5 47. Nd3+ Kd5 48. Nf4+ Kc4 49. Ke4 Rb3 50. Ne6 d5+ 51. Ke5 Rxb5 52. Nc7 Rb7 53. Nxd5 Rb5 54. Ke4 Rxd5 0-1

[Event "Arber op 7th"]
[Site "Bodenmais"]
[Date "2018.07.30"]
[Round "3"]
[White "Pap, Misa"]
[Black "Lorenc, Tomas"]
[Result "1-0"]
[WhiteElo "2473"]
[BlackElo "2208"]
[PlyCount "229"]
[EventDate "2018.07.28"]
[EventType "swiss"]
[EventRounds "9"]
[EventCountry "GER"]
[SourceTitle "CBM 185 Extra"]
[Source "ChessBase"]
[SourceDate "2018.07.29"]
[SourceVersion "1"]
[SourceVersionDate "2018.07.29"]
[SourceQuality "1"]

1. e4 d5 2. exd5 Qxd5 3. Nc3 Qa5 4. d4 Nf6 5. Nf3 Bg4 6. h3 Bh5 7. g4 Bg6 8. Ne5 e6 9. h4 Nbd7 10. Nc4 Qa6 11. h5 Be4 12. Nxe4 Nxe4 13. Qf3 Qc6 14. Bd3 Bb4+ 15. Ke2 f5 16. gxf5 exf5 17. d5 Qxd5 18. Ne3 Qe5 19. Qxf5 Nef6 20. c3 Bc5 21. Bd2 0-0-0 22. Qxe5 Nxe5 23. Bf5+ Kb8 24. Rh3 Rhe8 25. Rg1 Nxh5 26. Rxh5 Rxd2+ 27. Kxd2 Nf3+ 28. Kd3 Nxg1 29. Bg4 Rd8+ 30. Kc2 Bxe3 31. fxe3 Rf8 32. Rxh7 a5 33. Rxg7 a4 34. Kd3 Rd8+ 35. Bd7 Nf3 36. Ke2 Ne5 37. Bxa4 Nc4 38. Bb3 Nxb2 39. Rg1 c5 40. Rb1 Rh8 41. Rf1 c4 42. Bc2 Kc7 43. e4 Kd6 44. Ke3 Rh3+ 45. Kd4 Rh2 46. e5+ Ke7 47. Be4 b5 48. Rh1 Rd2+ 49. Ke3 Rd8 50. Kf4 Rf8+ 51. Ke3 Rd8 52. Bc2 Ke6 53. Rb1 Nd3 54. Rxb5 Nxe5 55. Ke4 Nd3 56. Rb6+ Ke7 57. Rc6 Nf2+ 58. Ke3 Ng4+ 59. Kf4 Rd2 60. Bb1 Nf6 61. Rxc4 Rb2 62. Bf5 Rxa2 63. Rc6 Rf2+ 64. Kg5 Rg2+ 65. Kh4 Rf2 66. Bh3 Rc2 67. c4 Rc1 68. Kg5 Ne4+ 69. Kf4 Nd2 70. Rc7+ Kf6 71. Rc6+ Ke7 72. Be6 Nxc4 73. Bxc4 Kd7 74. Rc5 Kd6 75. Rd5+ Kc6 76. Ba2 Rf1+ 77. Ke3 Re1+ 78. Kd2 Rh1 79. Kc3 Rh3+ 80. Kb4 Rh2 81. Bb3 Rf2 82. Re5 Rb2 83. Re6+ Kd7 84. Rh6 Ke7 85. Kc3 Rb1 86. Bc4 Rd1 87. Bd3 Kd7 88. Kc4 Ke7 89. Be4 Kd7 90. Bd5 Ke7 91. Kc5 Rd2 92. Re6+ Kd7 93. Rf6 Rc2+ 94. Bc4 Ke7 95. Rf7+ Ke8 96. Rh7 Rc1 97. Kd5 Kf8 98. Rc7 Re1 99. Kd6 Rd1+ 100. Ke6 Rd2 101. Ke5 Ke8 102. Be6 Kd8 103. Ra7 Rb2 104. Kf6 Rf2+ 105. Bf5 Re2 106. Rd7+ Ke8 107. Rc7 Rd2 108. Rc1 Rd4 109. Rc8+ Rd8 110. Rc4 Rd2 111. Ke6 Re2+ 112. Be4 Kd8 113. Kd6 Ke8 114. Bd5 Kf8 115. Rg4 1-0

[Event "CZE-chT2A 1617"]
[Site "Czech Republic"]
[Date "2016.10.30"]
[Round "2.4"]
[White "Slovak, Kilian"]
[Black "Lorenc, Tomas"]
[Result "1/2-1/2"]
[WhiteElo "2104"]
[BlackElo "2219"]
[PlyCount "83"]
[EventDate "2016.10.09"]
[EventType "team-tourn"]
[EventRounds "11"]
[EventCountry "CZE"]
[SourceTitle "EXT 2022"]
[Source "ChessBase"]
[SourceDate "2021.10.06"]
[SourceVersion "1"]
[SourceVersionDate "2021.10.06"]
[SourceQuality "1"]
[WhiteTeam "Praha Kobylisy"]
[BlackTeam "Karlovy Vary Tietz"]
[WhiteTeamCountry "CZE"]
[BlackTeamCountry "CZE"]

1. e4 d5 2. exd5 Qxd5 3. Nc3 Qd6 4. d4 Nf6 5. Nf3 a6 6. g3 Bg4 7. Bg2 Nc6 8. Bf4 Qe6+ 9. Qe2 Qxe2+ 10. Nxe2 Nd5 11. 0-0-0 0-0-0 12. c3 f6 13. h3 Bh5 14. g4 Bg6 15. Bg3 e6 16. Nf4 Nxf4 17. Bxf4 Bd6 18. Bxd6 Rxd6 19. Rhe1 Rf8 20. Nd2 Bd3 21. Ne4 Bxe4 22. Bxe4 Ne7 23. Re2 f5 24. gxf5 Nxf5 25. Rg1 g6 26. Bc2 Rf6 27. Re4 Ng7 28. Rg2 Rd8 29. Bd1 Rdf8 30. f3 Nh5 31. Kd2 Kd7 32. Ke3 Nf4 33. Rg3 Nh5 34. Rg5 c6 35. c4 Kd6 36. b4 Rf5 37. h4 R8f6 38. Re5 h6 39. Rgxf5 gxf5 40. f4 Ng7 41. b5 Ne8 42. Kf2 1/2-1/2

[Event "CZE-chT2A 1516"]
[Site "Czech Republic"]
[Date "2015.11.22"]
[Round "3.1"]
[White "Houska, Jiri"]
[Black "Lorenc, Tomas"]
[Result "1/2-1/2"]
[WhiteElo "2189"]
[BlackElo "2182"]
[PlyCount "80"]
[EventDate "2015.10.18"]
[EventType "team-tourn"]
[EventRounds "11"]
[EventCountry "CZE"]
[SourceTitle "EXT 2022"]
[Source "ChessBase"]
[SourceDate "2021.10.06"]
[SourceVersion "1"]
[SourceVersionDate "2021.10.06"]
[SourceQuality "1"]
[WhiteTeam "Line"]
[BlackTeam "Karlovy Vary"]
[WhiteTeamCountry "CZE"]
[BlackTeamCountry "CZE"]

1. d4 Nf6 2. c4 c5 3. d5 b5 4. cxb5 a6 5. bxa6 Bxa6 6. g3 d6 7. Bg2 g6 8. b3 Bg7 9. Bb2 Nbd7 10. Nh3 0-0 11. 0-0 Qb8 12. Bc3 Rc8 13. Nf4 Nb6 14. a4 Rc7 15. Na3 g5 16. Nh3 h6 17. f4 Bc8 18. fxg5 Bxh3 19. gxf6 Bxg2 20. Kxg2 exf6 21. Bxf6 Qe8 22. Qd3 Bxf6 23. Rxf6 Qe5 24. Raf1 Qxd5+ 25. Qxd5 Nxd5 26. R6f3 Re7 27. Kh3 Ne3 28. Rc1 Kg7 29. Rc3 Rae8 30. Nc4 Nxc4 31. bxc4 Rxe2 32. a5 Ra2 33. Ra3 Ree2 34. Kg4 Kg6 35. Kf4 f5 36. Rfc3 Re4+ 37. Kf3 Rxc4 38. Rxa2 Rxc3+ 39. Kf4 Rc4+ 40. Kf3 Rc3+ 1/2-1/2

[Event "CZE-chT2A 1516"]
[Site "Czech Republic"]
[Date "2015.11.08"]
[Round "2.1"]
[White "Lorenc, Tomas"]
[Black "Soukup, Jiri"]
[Result "0-1"]
[WhiteElo "2182"]
[BlackElo "2385"]
[PlyCount "82"]
[EventDate "2015.10.18"]
[EventType "team-tourn"]
[EventRounds "11"]
[EventCountry "CZE"]
[SourceTitle "EXT 2022"]
[Source "ChessBase"]
[SourceDate "2021.10.06"]
[SourceVersion "1"]
[SourceVersionDate "2021.10.06"]
[SourceQuality "1"]
[WhiteTeam "Karlovy Vary"]
[BlackTeam "Karlovy Vary Tietz"]
[WhiteTeamCountry "CZE"]
[BlackTeamCountry "CZE"]

1. b4 e5 2. Bb2 Bxb4 3. Bxe5 Nf6 4. Nf3 0-0 5. e3 d5 6. Be2 Nbd7 7. Bb2 Re8 8. 0-0 Nc5 9. c3 Ba5 10. d3 c6 11. Nbd2 Bb6 12. c4 Bf5 13. cxd5 Nxd3 14. Bxf6 Qxf6 15. Nc4 Nb2 16. Nxb2 Qxb2 17. Bd3 Bxd3 18. Qxd3 Rad8 19. Rab1 Qxa2 20. Ng5 Qxd5 21. Qxh7+ Kf8 22. h4 Qe5 23. Rbd1 Bc7 24. g3 Bb6 25. Kh2 Qf6 26. Qh5 Qg6 27. Qg4 Kg8 28. Rd7 Rxd7 29. Qxd7 f6 30. Nf3 Qf7 31. Qg4 Qe6 32. Qh5 Rd8 33. Qg6 Qc4 34. Qb1 Qd3 35. Qa1 Rd5 36. Ng1 Ra5 37. Qc1 Ra2 38. Kh1 Qe4+ 39. Kh2 Bc7 40. Qc5 Qxh4+ 41. Kg2 Qxg3+ 0-1

[Event "Vsetin op 40th"]
[Site "Vsetin"]
[Date "2015.07.09"]
[Round "7"]
[White "Babula, Milan"]
[Black "Lorenc, Tomas"]
[Result "1/2-1/2"]
[WhiteElo "2235"]
[BlackElo "2102"]
[PlyCount "32"]
[EventDate "2015.07.04"]
[EventType "swiss"]
[EventRounds "9"]
[EventCountry "CZE"]
[SourceTitle "CBM 167 Extra"]
[Source "ChessBase"]
[SourceDate "2015.09.14"]
[SourceVersion "1"]
[SourceVersionDate "2015.09.14"]
[SourceQuality "1"]

1. e4 d5 2. exd5 Qxd5 3. Nc3 Qd6 4. d4 Nf6 5. Be2 a6 6. Nf3 Bg4 7. h3 Bh5 8. Be3 Nc6 9. Qd2 0-0-0 10. Rd1 e6 11. a3 h6 12. Ne5 Nxe5 13. dxe5 Qxd2+ 14. Rxd2 Rxd2 15. Kxd2 Bxe2 16. Kxe2 Nd7 1/2-1/2

[Event "Kouty nad Desnou op-A"]
[Site "Kouty nad Desnou"]
[Date "2015.03.07"]
[Round "1"]
[White "Sosovicka, Jakub"]
[Black "Lorenc, Tomas"]
[Result "0-1"]
[WhiteElo "1758"]
[BlackElo "2115"]
[PlyCount "34"]
[EventDate "2015.03.07"]
[EventType "swiss"]
[EventRounds "9"]
[EventCountry "CZE"]
[SourceTitle "EXT 2017"]
[Source "ChessBase"]
[SourceDate "2016.10.25"]
[SourceVersion "1"]
[SourceVersionDate "2016.10.25"]
[SourceQuality "1"]

1. e4 d5 2. exd5 Qxd5 3. Nc3 Qa5 4. d4 Nf6 5. Nf3 Bg4 6. g3 Nc6 7. Bg2 0-0-0 8. Bd2 Nxd4 9. Ne2 Nxf3+ 10. Bxf3 Bxf3 11. Bxa5 Rxd1+ 12. Rxd1 Bxh1 13. Nd4 e6 14. f3 Bc5 15. Kf2 e5 16. Rxh1 exd4 17. Kg2 Re8 0-1